Word Chain - World Countries #1 - Statistics

General Stats
  • This quiz has been taken 234 times
  • The average score is 21 of 30
Answer Stats
Hint Answer % Correct
Mount Everest location Nepal
94%
Informally known as Holland Netherlands
91%
Nationality of Lego Denmark
90%
Home of Dracula Romania
89%
Has a unique starting letter Yemen
84%
The Emerald Isle Ireland
83%
Sultanate in the Gulf Oman
81%
West African Uranium producer Niger
80%
Land of fire and ice Iceland
79%
Sandwiched by Benin and Ghana Togo
78%
Smallest in the Horn of Africa Djibouti
77%
Spanish for Earth's midline Ecuador
76%
Little Russia Ukraine
75%
75% bordered by South Africa Eswatini
74%
Above's neighbour Germany
72%
Dutch Guyana Suriname
72%
Asian island in the European union Cyprus
71%
Has same name as its capital Luxembourg
71%
Hollywood of the Gulf Kuwait
70%
Smallest country outside Europe Nauru
67%
Graveyard of Empires Afghanistan
65%
Central American coffee exporter Honduras
63%
Has the most number of pyramids Sudan
63%
Caribbean's highest peak is here Dominican Republic
61%
Gem of Africa Namibia
56%
Playground of Europe Switzerland
56%
Land of eternal fire Azerbaijan
55%
Land of a thousand hills Rwanda
52%
Has the above's political descriptor Czech Republic
49%
Land of rivers Bangladesh
29%
No matching quizzes found
Score Distribution
Percent of People with Each Score
Percentile by Number Answered
Your Score History
You have not taken this quiz